Première Guerre Mondiale: les Révolutions Russes. - Statistiques

Statistiques générales
  • Ce quiz a été pris 120 fois
  • Le résultat moyen est 5 sur 7
Statistiques - réponses
Question Réponse % Correct
Quel a été le chef de la deuxième Révolution Russe? Lénine.
95%
Quel était le surnom de l'Armée Russe? L'Armée Rouge.
82%
Combien de temps le Gouvernement Provisoire formé suite à l'abdiquation du Tsar parvint - il à rester au pouvoir? 6 mois.
80%
En quelle année est créée l'Union des Républiques Socialistes Soviétiques? 1922
73%
En quel mois de l'Année 1917 le Tsar Nicolas II s'est-il vit contraint d'abdiquer suite à la pression de la population de part son refus d'arrêter la Première Guerre Mondiale? Février.
69%
Quel est le nom de l'organisation créé par le Gouvernement Bolchevik en l'an 1919, ayant pour objectif de réunir l'entièreté des partis politiques communistes de la planète? La III ème Internationale.
53%
En quelle année et en quel mois la Russie signe-t'elle l'Armistice face à l'Allemagne? Mars 1918.
53%
Aucun quiz correspondant
Distribution des résultats
% des personnes avec chaque résultat
Percentile par nombre de réponses
Votre historique - résultats
Vous n’avez pas pris ce quiz